000 01767nam0a2200397 4500
001 RU\NLR\bibl\1060369
005 20260405182639.0
010 _a5-98582-039-4
_9500
021 _aRU
_b2007-6351
_9337
035 _a(nilc)RSL-KNO-003035551
035 _a(NLR Aleph) 001047644
090 _a858393
_c858393
100 _a20070213d2006 |||y0rusy50 ca
101 0 _arus
102 _aRU
105 _aa zzzz|||||
106 _ar
200 1 _aПрежде всего гигиена, господа!
_eстатьи, выступления о гигиене и профилактике различных заболеваний
_fЗ. П. Леонова
_gМ-во здравоохранения Республики Бурятия, Республиканский центр мед. профилактики
210 _aУлан-Удэ
_cИзд-во ГУЗ РЦМП МЗ РБ
_d2006
215 _a199 с.
_cил.
_d21
320 _aБиблиогр.: с. 196-197 (41 назв.)
606 1 _aДети
_jСборники
_xГигиена
_91327617
_3RU\NLR\auth\66236783
606 1 _aДети
_jСборники
_xБолезни
_xПрофилактика
_9947715
_3RU\NLR\auth\66351706
610 0 _aЗдравоохранение. Медицинские науки -- Гигиена -- Популярные издания
686 _aР12я9
_2rubbk
686 _aР128.3я43
686 _aР733-8я43
686 _aЧ313.54я43
700 1 _4070
_8rus
_7ca
_aЛеонова
_bЗ. П.
_cврач-гигиенист
_gЗинаида Петровна
_3RU\NLR\auth\7779339
_962267
801 0 _aRU
_bРКП
_c20070213
_grcr
801 1 _aRU
_bРГБ
_c20070213
801 2 _aRU
_bNLR
_c20070316
_grcr
942 _cBOOK
980 _aNB
980 _aNBR